| 000 | 00732nam a2200253Ia 4500 | ||
|---|---|---|---|
| 003 | OSt | ||
| 005 | 20220918220834.0 | ||
| 006 | a|||||r|||| 00| 0 | ||
| 007 | ta | ||
| 008 | 220917b |||||||| |||| 00| 0 eng d | ||
| 024 | _a147,195 | ||
| 037 | _cTextual | ||
| 040 |
_aARTS _cARTS _beng |
||
| 041 |
_2eng _aeng |
||
| 082 | _aY31-5.282.N7, L4 | ||
| 100 |
_aSharma K L _9133476 |
||
| 245 | 0 |
_aChanging rural stratification system _b A comparative study of six village in Rajasthan India |
|
| 260 |
_aNew Delhi _bOrient Longman _c1974 |
||
| 300 |
_axii, 226p. _ccm. |
||
| 500 | _aGlossary p217-220 | ||
| 650 | _aSOCIOLOGY | ||
| 942 |
_hY31-5.282.N7, L4 _cTEXL _2CC |
||
| 999 |
_c269949 _d269949 |
||